00261 a2200121 4500001000700000020002200007040001100029100003100040240002800071245002300099300000800122362000900130189058 a978-85-910393-1-9 cMagnum aSantos, José Marcelo Dos10aUm rally da pesadalpor10aUm rally da pesada a1410 a2010